| Tag |
First Indicator |
Second Indicator |
Subfields |
| LEADER |
00000cam a2200000 4500 |
| 001 |
in00000067749 |
| 005 |
20151008050816.0 |
| 008 |
731115s1908 ilu 00000 eng |
| 010 |
|
|
|a 08006683
|
| 035 |
|
|
|a (OCoLC)00743213
|
| 035 |
|
|
|9 AAG3498AM
|
| 040 |
|
|
|a DLC
|c YNG
|d TXA
|d UtOrBLW
|
| 049 |
|
|
|a TXAM
|c [3927]
|
| 050 |
|
0 |
|a HB201
|b .D24
|
| 092 |
|
|
|a 330.1
|b D247v
|
| 100 |
1 |
|
|a Davenport, Herbert Joseph,
|d 1861-1931.
|
| 245 |
1 |
0 |
|a Value and distribution ;
|b a critical and constructive study /
|c by Herbert Joseph Davenport ...
|
| 264 |
|
1 |
|a Chicago :
|b University of Chicago Press,
|c 1908.
|
| 300 |
|
|
|a xi, 582 pages ;
|c 23 cm.
|
| 336 |
|
|
|a text
|b txt
|2 rdacontent
|
| 337 |
|
|
|a unmediated
|b n
|2 rdamedia
|
| 338 |
|
|
|a volume
|b nc
|2 rdacarrier
|
| 650 |
|
0 |
|a Value.
|
| 650 |
|
0 |
|a Economics.
|
| 999 |
|
|
|a MARS
|
| 999 |
f |
f |
|s 5ace098d-241a-3bba-8999-b2097d466fb5
|i a2aeebf3-36bd-38d3-b36f-1f0003e60493
|t 0
|
| 952 |
f |
f |
|p ric
|a Texas A&M University
|b Rellis Campus
|c Joint Library Facility
|d Remote Storage
|t 0
|e HB201 .D24
|h Library of Congress classification
|i unmediated -- volume
|m A14800689225
|
| 998 |
f |
f |
|a HB201 .D24
|t 0
|l Remote Storage
|